Normal view
MARC view
- SUPERVISOR Dr. USMAN AKRAM Dr. SAJID GUL KHWAJA
Entry Personal Name
001 - CONTROL NUMBER
- control field: 70675
003 - CONTROL NUMBER IDENTIFIER
- control field: NUST
005 - DATE AND TIME OF LATEST TRANSACTION
- control field: 20210628204532.0
008 - FIXED-LENGTH DATA ELEMENTS
- fixed length control field: 210628|| aca||aabn | a|a d
040 ## - CATALOGING SOURCE
- Original cataloging agency: NUST
- Transcribing agency: NUST
100 ## - HEADING--PERSONAL NAME
- Personal name: SUPERVISOR Dr. USMAN AKRAM Dr. SAJID GUL KHWAJA
670 ## - SOURCE DATA FOUND
- Source citation: Work cat.: (NUST): NC Aqsa Tairq NC Sundas Ashraf NC Zunaira Akmal 70673, PR-SOF-1850-VIDEO ANALYTICS BASED PROMOTION AND MARKETING THROUGH CUSTOMER DIVERSITY, 2019
